Talk Show Host or Cartoon Character? Quiz Stats

 Plays Quiz Updated Apr 28, 2018

Support Sporcle.
Go Orange.
Score 0/20 Timer 04:00
2 Plays Today
% Correct
Cartoon Character
97.6%
Cartoon Character
97.1%
Talk Show Host
96.9%
Talk Show Host
96.9%
Cartoon Character
96.7%
Cartoon Character
96.5%
Talk Show Host
96.4%
Talk Show Host
96.3%
Cartoon Character
96%
Talk Show Host
95.2%
% Correct
Talk Show Host
93.8%
Cartoon Character
92.6%
Cartoon Character
91.7%
Talk Show Host
91.3%
Cartoon Character
90.6%
Talk Show Host
90.5%
Talk Show Host
90.1%
Talk Show Host
89.6%
Cartoon Character
87.2%
Cartoon Character
78.1%

You're not logged in!

Compare scores with friends on all Sporcle quizzes.
OR
Log In

From the Vault

World Capitals A-Z on a Map

by william2

This quiz will take you around the globe in less than 4 minutes. What more can we possibly do for you on a quiz?
Remove Ads.
Support Sporcle.
Get the best of Sporcle when you Go Orange. This ad-free experience offers more features, more stats, and more fun while also helping to support Sporcle. Thank you for becoming a member.

Show Comments

Extras

Top Quizzes Today


Score Distribution

Your Account Isn't Verified!

In order to create a playlist on Sporcle, you need to verify the email address you used during registration. Go to your Sporcle Settings to finish the process.

Report this User

Report this user for behavior that violates our Community Guidelines.

Details: